Estadísticas para Provincias de España por monumentos

Haz click aquí para intentar la prueba.

Estadísticas generales

  • Esta prueba ha sido intentada 185 veces
  • La puntuación promedio es 11 de 16

Estadísticas de respuestas

HintRespuesta% Correcto
La GiraldaSevilla
93%
AcueductoSegovia
87%
La Sagrada FamiliaBarcelona
86%
La AlhambraGranada
86%
Ciudad de las artes y las cienciasValencia
86%
Teatro romano de MéridaBadajoz
80%
El tajo de Ronda
Málaga
77%
La Torre de HérculesLa Coruña/A Coruña
69%
Museo GuggenheimVizcaya/Bizkaia
65%
El entierro del Conde de OrgazToledo
64%
La casa de las conchasSalamanca
62%
Palacio de la MagdalenaCantabria/Santander
59%
Santa María del Naranco
Asturias
59%
La Ciudad EncantadaCuenca
52%
Arco de BaráTarragona
48%
Torre mudéjar del SalvadorTeruel
48%

Distribución de puntuación

Porcentaje por número respondido

Porcentaje de gente con cada puntuación

Historial de tus puntuaciones

No has intentado esta prueba.